[Event "Krakow op"]
[Site "Krakow"]
[Date "2024.06.24"]
[Round "4"]
[White "Gorkiewicz, Mateusz"]
[Black "Chojnacki, Krzysztof"]
[Result "1-0"]
[WhiteElo "2223"]
[BlackElo "2311"]
[PlyCount "63"]
[EventDate "2024.06.22"]
[EventType "swiss"]
[EventRounds "9"]
[EventCountry "POL"]
[SourceTitle "CBM 220 Extra"]
[Source "ChessBase"]
[SourceDate "2024.07.31"]
[SourceVersion "1"]
[SourceVersionDate "2024.07.31"]
[SourceQuality "1"]

1. e4 c5 2. Nf3 d6 3. d4 cxd4 4. Qxd4 Nf6 5. Nc3 Nc6 6. Bb5 Bd7 7. Bxc6 Bxc6 8. Bg5 e6 9. 0-0-0 Be7 10. Rhe1 0-0 11. Kb1 Qc7 12. Qd2 Rfd8 13. Nd4 Rab8 14. f3 b5 15. g4 b4 16. Nce2 Be8 17. Ng3 Rdc8 18. Rg1 Qc3 19. Qc1 Qc5 20. h4 a5 21. Nh5 Qe5 22. f4 Qxe4 23. Bxf6 Bxf6 24. Nxf6+ gxf6 25. f5 e5 26. g5 Kh8 27. gxf6 Bd7 28. Qh6 Rg8 29. Rg7 Bxf5 30. Nxf5 Qxf5 31. Rdg1 Rgc8 32. R7g2 1-0

[Event "Bydgoszcz op-A"]
[Site "Bydgoszcz"]
[Date "2023.06.25"]
[Round "2"]
[White "Chojnacki, Krzysztof"]
[Black "Azarov, Sergei Nikolaevich"]
[Result "1/2-1/2"]
[WhiteElo "2317"]
[BlackElo "2589"]
[PlyCount "84"]
[EventDate "2023.06.24"]
[EventType "swiss"]
[EventRounds "9"]
[EventCountry "POL"]
[SourceTitle "CBM 215 Extra"]
[Source "ChessBase"]
[SourceDate "2023.09.30"]
[SourceVersion "1"]
[SourceVersionDate "2023.09.30"]
[SourceQuality "1"]

1. d4 Nf6 2. c4 e6 3. Nf3 b6 4. g3 Ba6 5. b3 d5 6. cxd5 exd5 7. Bg2 Bb4+ 8. Bd2 Bxd2+ 9. Qxd2 0-0 10. 0-0 Re8 11. Re1 c5 12. Nc3 Nc6 13. Rac1 Ne4 14. Qc2 Nb4 15. Qb1 Nxc3 16. Rxc3 Bxe2 17. a3 Nc6 18. dxc5 d4 19. Rcc1 d3 20. Qb2 bxc5 21. Rxc5 Qd6 22. Qc3 Bxf3 23. Rxe8+ Rxe8 24. Bxf3 Nd4 25. Rc8 Nxf3+ 26. Kg2 Kf8 27. Rxe8+ Kxe8 28. Qc8+ Ke7 29. Qb7+ Ke6 30. Kxf3 g5 31. Qe4+ Kf6 32. Ke3 d2 33. Qf3+ Ke6 34. Qd1 Qxa3 35. Qg4+ Kf6 36. Qd4+ Kg6 37. Qe4+ Kg7 38. Qd4+ f6 39. Kxd2 Qxb3 40. Qxa7+ Kg6 41. Qd4 Qe6 42. h4 h5 1/2-1/2

[Event "Trzcianka Dziedzic Memorial 12th"]
[Site "Trzcianka"]
[Date "2022.11.13"]
[Round "8"]
[White "Nasuta, Grzegorz"]
[Black "Chojnacki, Krzysztof"]
[Result "0-1"]
[WhiteElo "2539"]
[BlackElo "2321"]
[PlyCount "90"]
[EventDate "2022.11.13"]
[EventType "swiss (rapid)"]
[EventRounds "9"]
[EventCountry "POL"]
[SourceTitle "CBM 211 Extra"]
[Source "ChessBase"]
[SourceDate "2023.01.31"]
[SourceVersion "1"]
[SourceVersionDate "2023.01.31"]
[SourceQuality "1"]

1. e4 d6 2. d4 Nf6 3. Nc3 g6 4. Nf3 Bg7 5. Be3 a6 6. Qd2 b5 7. Bh6 0-0 8. Bd3 Bb7 9. Bxg7 Kxg7 10. e5 dxe5 11. dxe5 Nd5 12. 0-0-0 Nb4 13. Qg5 e6 14. Qf4 Qe7 15. Be4 Bxe4 16. Qxe4 c6 17. h4 Nd5 18. h5 Nd7 19. Nxd5 cxd5 20. Qf4 Rac8 21. Rh3 Rc4 22. Nd4 Rfc8 23. Rdh1 Nf8 24. Kb1 Kg8 25. Qe3 Qc5 26. Rh4 a5 27. Qd3 a4 28. hxg6 fxg6 29. Nxe6 Rxh4 30. Rxh4 Nxe6 31. Qd2 a3 32. bxa3 Rf8 33. f3 d4 34. Re4 Qxa3 35. Qd3 Qxd3 36. cxd3 Rc8 37. Re2 Rc3 38. Rb2 Nc7 39. Rc2 Rxc2 40. Kxc2 Kf7 41. Kb3 Nd5 42. a4 bxa4+ 43. Kxa4 Ke6 44. Kb5 Kxe5 45. Kc4 Ne3+ 0-1

[Event "POL-chT 1st League"]
[Site "Sypniewo"]
[Date "2022.09.07"]
[Round "5.7"]
[White "Chojnacki, Krzysztof"]
[Black "Sieciechowicz, Marcin"]
[Result "1/2-1/2"]
[WhiteElo "2308"]
[BlackElo "2398"]
[PlyCount "49"]
[EventDate "2022.09.03"]
[EventType "team-swiss"]
[EventRounds "9"]
[EventCountry "POL"]
[SourceTitle "CBM 210 Extra"]
[Source "ChessBase"]
[SourceDate "2022.11.30"]
[SourceVersion "1"]
[SourceVersionDate "2022.11.30"]
[SourceQuality "1"]
[WhiteTeam "Chrobry Gniezno"]
[BlackTeam "Gostynin Gostmat 83"]
[WhiteTeamCountry "POL"]
[BlackTeamCountry "POL"]

1. d4 d5 2. c4 c6 3. cxd5 cxd5 4. Nc3 Nf6 5. Bf4 Nc6 6. e3 Bf5 7. Qb3 Na5 8. Qa4+ Bd7 9. Qc2 Rc8 10. Bd3 e6 11. Nf3 Bb4 12. 0-0 0-0 13. Ne5 h6 14. h3 Be8 15. Rac1 Nc6 16. Qb3 Qe7 17. a3 Bxc3 18. Rxc3 Ne4 19. Bxe4 dxe4 20. d5 exd5 21. Qxd5 Rd8 22. Qxe4 Nxe5 23. Qxe5 Qxe5 24. Bxe5 Bc6 25. Bd4 1/2-1/2

[Event "Suwalki Warakomska Memorial 6th"]
[Site "Suwalki"]
[Date "2022.08.10"]
[Round "9"]
[White "Flak, Pawel"]
[Black "Chojnacki, Krzysztof"]
[Result "1/2-1/2"]
[WhiteElo "2170"]
[BlackElo "2325"]
[PlyCount "81"]
[EventDate "2022.08.03"]
[EventType "swiss"]
[EventRounds "9"]
[EventCountry "POL"]
[SourceTitle "CBM 209 Extra"]
[Source "ChessBase"]
[SourceDate "2022.09.30"]
[SourceVersion "1"]
[SourceVersionDate "2022.09.30"]
[SourceQuality "1"]

1. d4 Nf6 2. c4 g6 3. Nc3 Bg7 4. e4 d6 5. Nge2 0-0 6. f3 Nc6 7. Be3 a6 8. Qd2 Rb8 9. 0-0-0 b5 10. g4 e5 11. d5 Na5 12. Ng3 bxc4 13. h4 Re8 14. h5 Nd7 15. Bg5 Bf6 16. Be3 Rb4 17. Nb1 Ra4 18. Na3 Nf8 19. Ne2 Bd7 20. Kb1 Qb8 21. Ka1 Qb7 22. Nc3 Rb4 23. Rh2 Rb8 24. Rc1 c5 25. dxc6 Bxc6 26. Qxd6 Rxb2 27. Rb1 Rxb1+ 28. Naxb1 Ne6 29. hxg6 hxg6 30. Qa3 Qc7 31. Rb2 Nd4 32. Nd2 Nb5 33. Qb4 Rd8 34. Nxc4 Nxc4 35. Bxc4 Nxc3 36. Qxc3 Rd1+ 37. Bc1 Bb5 38. Rc2 Bg5 39. Bxb5 Qxc3+ 40. Rxc3 Bxc1 41. Ba4 1/2-1/2

[Event "Suwalki Warakomska Memorial 6th"]
[Site "Suwalki"]
[Date "2022.08.07"]
[Round "6"]
[White "Chojnacki, Krzysztof"]
[Black "Rog, Bartlomiej"]
[Result "1-0"]
[WhiteElo "2325"]
[BlackElo "2135"]
[PlyCount "145"]
[EventDate "2022.08.03"]
[EventType "swiss"]
[EventRounds "9"]
[EventCountry "POL"]
[SourceTitle "CBM 209 Extra"]
[Source "ChessBase"]
[SourceDate "2022.09.30"]
[SourceVersion "1"]
[SourceVersionDate "2022.09.30"]
[SourceQuality "1"]

1. e4 c5 2. Nf3 e6 3. d4 cxd4 4. Nxd4 Nc6 5. Nb5 d6 6. c4 Nf6 7. N1c3 a6 8. Na3 Be7 9. Be2 0-0 10. 0-0 Qc7 11. Be3 b6 12. Rc1 Qa7 13. Qd2 Bb7 14. Rfd1 Rfd8 15. Qc2 Nb4 16. Qb3 d5 17. cxd5 exd5 18. exd5 Nbxd5 19. Nxd5 Bxd5 20. Qxb6 Qxb6 21. Bxb6 Rdb8 22. Bd4 Bxa3 23. bxa3 Bxa2 24. Bf3 Bd5 25. Bxd5 Nxd5 26. Bxg7 Kxg7 27. Rxd5 Rb5 28. Rd3 Rc8 29. Rcd1 Rc2 30. g3 Rf5 31. R1d2 Rxd2 32. Rxd2 Rf3 33. a4 Ra3 34. Rd4 a5 35. Kg2 Kg6 36. Kh3 Ra2 37. Rg4+ Kf6 38. Rf4+ Kg6 39. Kg4 Ra3 40. h4 h5+ 41. Kh3 Rb3 42. Kg2 Ra3 43. Rc4 f6 44. Rd4 Kh6 45. Rf4 Kg6 46. g4 hxg4 47. Rxg4+ Kh5 48. Rf4 Kg6 49. Rc4 Kh6 50. f3 Kg6 51. Kg3 Ra1 52. Kg4 Rg1+ 53. Kf4 Ra1 54. h5+ Kxh5 55. Kf5 Rb1 56. Kxf6 Rb4 57. Rc5+ Kh4 58. Rxa5 Kg3 59. Rg5+ Kxf3 60. a5 Ra4 61. Ke6 Ra1 62. Kd6 Ke4 63. Kc6 Kd4 64. Kb6 Kc4 65. a6 Rb1+ 66. Kc6 Ra1 67. Rg4+ Kc3 68. Kb6 Rb1+ 69. Kc5 Ra1 70. Rg3+ Kc2 71. Kb6 Rb1+ 72. Kc7 Ra1 73. Rg6 1-0

[Event "Lodz Jan Krzysztof Duda Cup"]
[Site "Lodz"]
[Date "2021.11.13"]
[Round "6"]
[White "Chojnacki, Krzysztof"]
[Black "Orzech, Dominik"]
[Result "0-1"]
[WhiteElo "2378"]
[BlackElo "2326"]
[PlyCount "114"]
[EventDate "2021.11.13"]
[EventType "swiss (rapid)"]
[EventRounds "9"]
[EventCountry "POL"]
[SourceTitle "CBM 205 Extra"]
[Source "ChessBase"]
[SourceDate "2022.01.31"]
[SourceVersion "1"]
[SourceVersionDate "2022.01.31"]
[SourceQuality "1"]

1. d4 d5 2. c4 c6 3. Nc3 Nf6 4. Nf3 dxc4 5. a4 Bf5 6. Ne5 Na6 7. Nxc4 Nb4 8. Na3 e6 9. f3 Be7 10. e4 Bg6 11. Be3 0-0 12. Be2 c5 13. dxc5 Nd7 14. c6 Nxc6 15. 0-0 Bc5 16. Bxc5 Nxc5 17. Nc4 Qe7 18. Qd6 Qxd6 19. Nxd6 Rfd8 20. Rfd1 Rd7 21. Kf2 Rad8 22. Nc4 f6 23. Ne3 Kf8 24. Ke1 Be8 25. Rxd7 Rxd7 26. Bb5 Rd4 27. Rd1 Rb4 28. Rb1 a6 29. Bxc6 Bxc6 30. Nc2 Rxb2 31. Rxb2 Nd3+ 32. Kd2 Nxb2 33. Nd4 Bd7 34. Nb3 b6 35. a5 Nc4+ 36. Kd3 Nxa5 37. Nxa5 bxa5 38. Kd4 Ke7 39. Kc5 a4 40. f4 Bb5 41. e5 fxe5 42. fxe5 Kf7 43. Nb1 Kg6 44. g4 Kg5 45. Kd6 Bc4 46. Na3 Bb3 47. Ke7 Kxg4 48. Kf7 g5 49. Kg7 h5 50. Kh6 h4 51. Nb1 Bc2 52. Na3 Bd3 53. h3+ Kf4 54. Kh5 Kg3 55. Kxg5 Kxh3 56. Kf4 Kg2 57. Ke3 Bb5 0-1

[Event "Lodz Jan Krzysztof Duda Cup"]
[Site "Lodz"]
[Date "2021.11.13"]
[Round "5"]
[White "Szpar, Milosz"]
[Black "Chojnacki, Krzysztof"]
[Result "1-0"]
[WhiteElo "2418"]
[BlackElo "2378"]
[PlyCount "135"]
[EventDate "2021.11.13"]
[EventType "swiss (rapid)"]
[EventRounds "9"]
[EventCountry "POL"]
[SourceTitle "CBM 205 Extra"]
[Source "ChessBase"]
[SourceDate "2022.01.31"]
[SourceVersion "1"]
[SourceVersionDate "2022.01.31"]
[SourceQuality "1"]

1. e4 e5 2. Nf3 Nc6 3. Bb5 a6 4. Ba4 Nf6 5. 0-0 Be7 6. d3 b5 7. Bb3 d6 8. a4 Bd7 9. c3 0-0 10. Re1 Na5 11. Bc2 c5 12. Nbd2 b4 13. Nf1 Rb8 14. Ng3 g6 15. h3 Re8 16. Bg5 Be6 17. d4 bxc3 18. bxc3 exd4 19. cxd4 d5 20. e5 Nd7 21. Bd2 Nc6 22. Bc3 cxd4 23. Nxd4 Nxd4 24. Bxd4 Bc5 25. Bxc5 Nxc5 26. Qd4 Qa5 27. Rab1 Rb7 28. Qf4 Reb8 29. Rbc1 Rb2 30. Red1 Nd7 31. Qh6 Qb4 32. Nh5 Qf8 33. Qg5 h6 34. Qg3 Kh7 35. Nf4 Qg7 36. Bxg6+ fxg6 37. Nxe6 Qxe5 38. Qxe5 Nxe5 39. Rc7+ Kh8 40. Rxd5 Re2 41. Nf4 Re1+ 42. Kh2 Re8 43. Rxe5 R1xe5 44. Nxg6+ Kg8 45. Nxe5 Rxe5 46. Rc6 Ra5 47. Rxh6 Rxa4 48. Kg3 Ra2 49. f4 a5 50. Ra6 a4 51. Ra7 a3 52. h4 Kf8 53. h5 Kg8 54. Kh3 Kf8 55. g3 Ra1 56. Kg4 a2 57. f5 Kg8 58. h6 Kh8 59. f6 Rf1 60. Rxa2 Rxf6 61. Kh5 Rf5+ 62. Kg6 Rf8 63. g4 Rg8+ 64. Kh5 Rb8 65. Ra7 Rb5+ 66. g5 Rb6 67. Ra8+ Kh7 68. g6+ 1-0

[Event "Dziedzica Memrial 11th"]
[Site "Trzcianka"]
[Date "2021.10.24"]
[Round "4"]
[White "Mazurkiewicz, Michal"]
[Black "Chojnacki, Krzysztof"]
[Result "0-1"]
[WhiteElo "2159"]
[BlackElo "2378"]
[PlyCount "96"]
[EventDate "2021.10.24"]
[EventType "swiss (rapid)"]
[EventRounds "9"]
[EventCountry "POL"]
[SourceTitle "CBM 204 Extra"]
[Source "ChessBase"]
[SourceDate "2021.11.30"]
[SourceVersion "1"]
[SourceVersionDate "2021.11.30"]
[SourceQuality "1"]

1. e4 g6 2. d4 Bg7 3. Nc3 d6 4. f4 Nf6 5. Nf3 c5 6. e5 Nfd7 7. Be3 0-0 8. Qd2 cxd4 9. Bxd4 dxe5 10. fxe5 Nc6 11. e6 Nxd4 12. Nxd4 Nb6 13. 0-0-0 Bxe6 14. Nxe6 Qxd2+ 15. Rxd2 fxe6 16. Re2 Bxc3 17. bxc3 Rf6 18. Re4 Rc8 19. Kb2 Kf7 20. a4 Nd5 21. c4 Nb6 22. Kb3 Nd7 23. Re3 Rf2 24. g3 Nc5+ 25. Kb4 Rxc2 26. Bh3 a5+ 27. Ka3 Rxc4 28. Rf1+ Kg7 29. Bxe6 Rxa4+ 30. Kb2 Rb4+ 31. Ka2 Rf8 32. Rxf8 Kxf8 33. Rf3+ Ke8 34. Bg8 Rd4 35. Rf2 Ne4 36. Rb2 Nf6 37. Be6 Rd6 38. Bc4 b6 39. Bb5+ Kd8 40. Re2 Rd5 41. Ba6 e5 42. Rf2 Ke7 43. Bc4 Rd4 44. Bb5 e4 45. Rc2 e3 46. Rc7+ Kd6 47. Rc6+ Ke5 48. Rc7 Nd5 0-1

[Event "POL-chT 1st League"]
[Site "Szklarska Poreba"]
[Date "2021.09.12"]
[Round "9.10"]
[White "Chojnacki, Krzysztof"]
[Black "Baum, Jonasz"]
[Result "1/2-1/2"]
[WhiteElo "2377"]
[BlackElo "2254"]
[PlyCount "54"]
[EventDate "2021.09.04"]
[EventType "team-swiss"]
[EventRounds "9"]
[EventCountry "POL"]
[SourceTitle "CBM 204 Extra"]
[Source "ChessBase"]
[SourceDate "2021.11.30"]
[SourceVersion "1"]
[SourceVersionDate "2021.11.30"]
[SourceQuality "1"]
[WhiteTeam "Chrobry Gniezno"]
[BlackTeam "Warszawa Czternastka"]
[WhiteTeamCountry "POL"]
[BlackTeamCountry "POL"]

1. d4 Nf6 2. c4 e6 3. Nc3 Bb4 4. f3 0-0 5. a3 Bxc3+ 6. bxc3 c5 7. e4 Nc6 8. Be3 Qa5 9. Qd2 b6 10. Bd3 cxd4 11. cxd4 Qxd2+ 12. Kxd2 Na5 13. Rb1 Ba6 14. c5 Nc4+ 15. Bxc4 Bxc4 16. Nh3 Ne8 17. Rhc1 b5 18. Nf4 f5 19. exf5 Rxf5 20. Nd3 d6 21. Nb4 Rh5 22. h3 dxc5 23. dxc5 Rd8+ 24. Ke1 a5 25. Nc2 Rhd5 26. Kf2 Nc7 27. c6 R8d6 1/2-1/2

[Event "POL-chT 1st League"]
[Site "Szklarska Poreba"]
[Date "2021.09.06"]
[Round "3.12"]
[White "Chojnacki, Krzysztof"]
[Black "Zaskalski, Arkadiusz"]
[Result "1-0"]
[WhiteElo "2377"]
[BlackElo "2160"]
[PlyCount "71"]
[EventDate "2021.09.04"]
[EventType "team-swiss"]
[EventRounds "9"]
[EventCountry "POL"]
[SourceTitle "CBM 204 Extra"]
[Source "ChessBase"]
[SourceDate "2021.11.30"]
[SourceVersion "1"]
[SourceVersionDate "2021.11.30"]
[SourceQuality "1"]
[WhiteTeam "Chrobry Gniezno"]
[BlackTeam "Pilzno GKSz Hetman"]
[WhiteTeamCountry "POL"]
[BlackTeamCountry "POL"]

1. e4 c5 2. Nf3 d6 3. d4 cxd4 4. Nxd4 Nf6 5. Nc3 g6 6. Be3 Bg7 7. f3 Nc6 8. Bc4 Bd7 9. Qd2 0-0 10. h4 Rc8 11. Bb3 h5 12. 0-0-0 Ne5 13. Bg5 Rc5 14. Kb1 b5 15. g4 hxg4 16. h5 Nxh5 17. Nd5 Rxd5 18. Bxd5 g3 19. Rdg1 Nc4 20. Bxc4 bxc4 21. Bh6 c3 22. bxc3 Qa5 23. Bxg7 Kxg7 24. f4 Rc8 25. Kb2 Rc4 26. Nb3 Qa4 27. f5 Rxe4 28. Rxh5 gxh5 29. Qg5+ Kf8 30. Qh6+ Kg8 31. Qxh5 Bxf5 32. Qxf5 Rg4 33. Nd4 Rg6 34. Qc8+ Kg7 35. Rh1 Kf6 36. Qh8+ 1-0

[Event "Poznan op 28th"]
[Site "Poznan"]
[Date "2021.08.19"]
[Round "6"]
[White "Chojnacki, Krzysztof"]
[Black "Niekras, Dawid"]
[Result "1/2-1/2"]
[WhiteElo "2381"]
[BlackElo "2289"]
[PlyCount "42"]
[EventDate "2021.08.15"]
[EventType "swiss"]
[EventRounds "9"]
[EventCountry "POL"]
[SourceTitle "CBM 203 Extra"]
[Source "ChessBase"]
[SourceDate "2021.09.30"]
[SourceVersion "1"]
[SourceVersionDate "2021.09.30"]
[SourceQuality "1"]

1. d4 Nf6 2. c4 g6 3. Nc3 Bg7 4. e4 d6 5. Nf3 0-0 6. Be2 e5 7. Be3 Na6 8. 0-0 Ng4 9. Bg5 Qe8 10. h3 exd4 11. Nxd4 h6 12. Bc1 Nf6 13. Bf3 Nc5 14. Re1 Nfd7 15. Be3 Nb6 16. b3 a5 17. Rc1 Bd7 18. Ndb5 Bxb5 19. Nxb5 Qe7 20. Qd2 Rfd8 21. g3 Kh7 1/2-1/2